00784nam a22002297a 45000050016000000100014000160200026000300350013000560370013000690820010000821000024000922450050001162600045001662700078002113000027002895000040003166500023003567000009003799420024003889990017004129520125004292010080701051.0 aENG-98722 c270.00a9788190921398 aEN-82254 bDBAD/PUB a616.4 aArirudran, B.98192 aText book of endocrinology /cby B. Arirudran aUrappakkambDarshinii Publicationsc2009 aNo. 6, 2nd Cross Street, Sumathi illam, Priya Nagar-1bUrappakkame603210 a294 p. c20 cm. (Pbk) aIncludes bibliographical references aEndocnnology98193 97380 2ddccENh616.4mBAR c39947d39947 001040718NFICaDBADbDBADd2010-08-07g270.00l0o616.4 BARpEN-82254r2010-08-07 00:00:00t1v270.00w2010-08-07yEN